Hãy trả lời em tại sao?

Đã lưu trong:
书目详细资料
主要作者: Leokum, Arkady
格式: 图书
语言:Undetermined
出版: Thành phố Hồ Chí Minh Trẻ 2004
主题:
标签: 添加标签
没有标签, 成为第一个标记此记录!
Thư viện lưu trữ: Trung tâm Học liệu Trường Đại học Cần Thơ
LEADER 00527nam a2200193Ia 4500
001 CTU_64183
008 210402s9999 xx 000 0 und d
020 |b 25000 
082 |a 500 
082 |b L576 
100 |a Leokum, Arkady 
245 0 |a Hãy trả lời em tại sao? 
245 0 |c Arkady Leokum 
260 |a Thành phố Hồ Chí Minh 
260 |b Trẻ 
260 |c 2004 
650 |a Knowledge 
904 |i Mai Loan, Mấy Năm (sửa) 
980 |a Trung tâm Học liệu Trường Đại học Cần Thơ